| 000 | 00432nam a2200121Ia 4500 | ||
|---|---|---|---|
| 008 | 151021s9999 xx 000 0 und d | ||
| 050 | _aLC 3988 .K4K57 2003 | ||
| 245 | _a_Special Needs Education Module 20 Anatomy, Physiology, and Pathology of the Sensory System / Paul Kimani | ||
| 260 | _aNairobi : KISE , 2003 | ||
| 300 | _aviii,102 p. | ||
| 650 | _a_Introduction to the Sensory System | ||
| 980 | _a^d20110615 11:39:35^okilerai | ||
| 999 |
_c7321 _d7321 |
||